Language Quiz

Random Language Quiz

RC Words Quiz Stats

 Plays Quiz not verified by Sporcle

Support Sporcle.
Go Orange.
Score 0/21 Timer 07:00
0 Plays Today
Clue Word % Correct
There's one in St. LouisArch
100%
The art of using bow and arrowsArchery
96.2%
The largest dolphinsOrcas
80.8%
A bird will do this on a bar or rodPerch
80.8%
A building used for Christian worshipChurch
76.9%
A portable flameholderTorch
65.4%
A type of tree, similar to the aspenBirch
65.4%
A large ensemble of musicians that play symphonies togetherOrchestra
65.4%
A company containing people of many talents that performs entertaining showsCircus
61.5%
A type of balconyPorch
50%
Make an abrupt or unsteady movementLurch
50%
Clue Word % Correct
A young man who looked at his reflection so long that he diedNarcissus
50%
A hero who performed twelve deeds for his cousin, Eurystheus (the Roman name)Hercules
46.2%
The use of irony to mock contemptSarcasm
38.5%
Electricity flows in theseCircuits
38.5%
Part of fowl, often used in making brothCarcass
34.6%
Pasta has a lot of thisStarch
34.6%
A round plane that has no eccentricityCircle
34.6%
In Greek mythology, an evil sorceress, daughter of Helios Circe
23.1%
An open market, in CaracasMercado
19.2%
The opposite of sin, in mathArcsine
15.4%

You're not logged in!

Compare scores with friends on all Sporcle quizzes.
OR
Log In

From the Vault

Top 20 Cities of Costa Rica on a Map

by SpanishSpy

Well if you're planning a trip, maybe you'll have 20 new cities to check out?
Remove Ads.
Support Sporcle.
Get the best of Sporcle when you Go Orange. This ad-free experience offers more features, more stats, and more fun while also helping to support Sporcle. Thank you for becoming a member.

Show Comments

Extras

Created Apr 2, 2011ReportNominate

Top Quizzes Today


Score Distribution

Your Account Isn't Verified!

In order to create a playlist on Sporcle, you need to verify the email address you used during registration. Go to your Sporcle Settings to finish the process.

Report this User

Report this user for behavior that violates our Community Guidelines.

Details: